| 000 | 00436nam a2200169Ia 4500 | ||
|---|---|---|---|
| 005 | 20250423095750.0 | ||
| 008 | 250422s9999 xx 000 0 und d | ||
| 020 | _a978-0-19-286514-4 | ||
| 050 | _aHF 1359 .A24/ | ||
| 100 | _aAcharyya, Rajat | ||
| 245 | 0 | _aInternational Economics: An Introduction to Theory and Policy | |
| 260 | _aLondon | ||
| 260 | _bOxford University Press | ||
| 260 | _c2022 | ||
| 300 | _a609 p | ||
| 942 | _cBK | ||
| 999 |
_c31269 _d31269 |
||